000 00615nam a2200205Ia 4500
005 20250508153840.0
008 008 250505s9999 xx 000 0 eng d
037 _aTextual
040 _aFEDL
_beng
_cFEDL
041 _aeng
_2eng
084 _a016.0014, KAU
_qFEDL
245 0 _aEducational studies and investigation Vol 1
260 _aBombay, India
_bAsia Publishing House
_c1951
300 _a262p.
365 _aINR
_b15
546 _aEdited by The Indian Institute of Education Bombay
650 _aBibligraphies
_9764551
942 _cTEXL
_h016.0014, KAU
999 _c1345926
_d1345926